Bohaterowie "Pana Tadeusza" - Statystyki

Ogólne statystyki
  • Ten quiz został rozwiązany 35 razy
  • Średni wynik to 9 z 21
Statystyki odpowiedzi
Odpowiedź % Poprawnych
Pan Tadeusz
100%
Zosia
97%
Ksiądz Robak
91%
Telimena
79%
Gerwazy
71%
Hrabia
65%
Sędzia
47%
Wojski
47%
Jankiel
44%
Rejent
41%
Protazy
35%
Assesor
32%
Podkomorzy
32%
Maciek nad Maćkami
21%
Nikita Rykow
21%
Major Płut
18%
Generał Dąbrowski
12%
Maciej Kropiciel
9%
Rejtan
6%
Podkomorzanka
3%
Ekonom
0%
Nie znaleziono quizów pasujących do podanych kryteriów
Rozkład punktacji
Procent ludzi z każdym wynikiem
Percentyl według liczby udzielonych odpowiedzi
Twoja historia wyników
Nie rozwiązałeś tego quizu